A mi Ady Endrénk. {Despre Ady Endre}. [On Ady Endre]

Elmentve itt :
Bibliográfiai részletek
Szerző: POMOGÁTS Béla
Adatforrás:Meister
Forrásdokumentuma:A Hét. -
2002. 45, 1.
Nyelv:magyar
Kulcsszavak:irodalomtörténet
istoria literaturii
history of literature
ADY Endre
LEADER 00440nab a2200157 i 4500
001 bibPRO00012626
008 080908s2002 xx hun
040 |a Sz1 
041 |a hun 
100 1 |a POMOGÁTS Béla 
245 1 2 |a A mi Ady Endrénk. {Despre Ady Endre}. [On Ady Endre]  |c POMOGÁTS Béla 
695 |a irodalomtörténet 
695 |a istoria literaturii 
695 |a history of literature 
695 |a ADY Endre 
773 0 |t A Hét. -  |g 2002. 45, 1.